000 00774nam a22001937a 4500
999 _c6462
_d6462
003 AR-CdUCM
008 190318b ||||| |||| 00| 0 spa d
040 _aMUNICIPALIDAD PROVINCIAL DEL CUSCO
_cBIBLIOTECA MUNICIPAL DEL CUSCO
082 _a082.985 /
_bSA235
100 _aAguilar, Santiago
_9995
245 _aPuerta de espera :
_bColección homenaje al centenario de Cesar Vallejo /
260 _aTrujillo :
_bLibertad,
_c1992.
300 _a37 páginas ;
_c20 cm.
505 _aContenido: Vuelve el barro -- Mi universo -- Cuando me arrancaron -- Soflamado en la cúspide -- Camino tentado -- Abroncada por acertijos -- Atropellada en vaguedad ...
650 _aPuerta de espera
_918311
650 _aLiteratura peruana
_97175
942 _2ddc
_cLIBROS
945 _aAndy